| 000 | 00423nam a2200169Ia 4500 | ||
|---|---|---|---|
| 008 | 210719s1997 xx 000 0 und d | ||
| 041 | _aeng | ||
| 082 | _a530 BHAT | ||
| 100 | _aBHAT (Narayan M) | ||
| 245 | _aText book of physics. II PUC. Ed.2 | ||
| 250 | _a2 | ||
| 260 |
_aMangalore _bAcademy Publications _c1997 |
||
| 300 |
_axiv,608 _bPB |
||
| 365 |
_b160 _cRs |
||
| 650 | _aPhysics | ||
| 906 | _aPhysics II PUC text | ||
| 999 |
_c213352 _d213352 |
||